00672nam a2200241 a 4500001001300000003000900013005001700022008004100039020000900080082001300089100002400102245001300126260004800139300001000187500003500197505001000232650002300242700002400265902000800289942000700297952011100304999001500415nice12345678IN_TiNIC20260116011642.0050524s1977 dela grp 000 0 urd  ac1500a297bKHA aKhan, Waheed-Ud-Din aAl-Islam aDelhibAldarul Ilmiyya Jamiat Buldingc1977 a240p. aincludes index and biblioraphy2 aIndex aIslam-Meccan Trade1 aKhan, Waheed-Ud-Din bSRS cBK 001040708StackRoom-aHMIbHMId2007-07-27g15.00l0o297 KHAp08199r2007-07-27v15.00w2005-05-24yBK c3156d3156